[Event "XXIII Festival Conca della Presolana A"]
[Site "Bratto - Castione della Presolana ITA"]
[Date "2003.08.23"]
[Round "3"]
[White "Brancaleoni, Maurizio"]
[Black "Zoldan, Matteo"]
[Result "1-0"]
[WhiteElo "2298"]
[BlackElo "2104"]
[PlyCount "125"]
[EventDate "2003.08.21"]

1.Nc3 c5 2.e4 Nc6 3.Bb5 Nd4 4.Bc4 d6 5.Nge2 Nf6 6.d3 e6 7.O-O Be7 8.Nxd4 
cxd4 9.Ne2 Qb6 10.a4 a6 11.a5 Qa7 12.c3 dxc3 13.Nxc3 O-O 14.Be3 Qb8 15.Na4
Nd7 16.Qd2 Bd8 17.Ra3 Ne5 18.Ba2 Bd7 19.Nb6 Bxb6 20.Bxb6 Bc6 21.d4 Nd7 22.
d5 exd5 23.exd5 Bb5 24.Rc1 Re8 25.Re3 Nf6 26.Bc7 Qa7 27.Bb6 Qb8 28.Rc7 Ng4
29.Ree7 Rxe7 30.Rxe7 Qc8 31.Qc3 Qf5 32.h3 Ne5 33.Rxb7 Re8 34.Be3 Bd3 35.
Qb4 h6 36.Rb8 Rxb8 37.Qxb8+ Kh7 38.Qxd6 Be4 39.f4 Ng6 40.g4 Qc8 41.Qc5 Qd8
42.Kh2 f5 43.gxf5 Nh4 44.Kg1 Nf3+ 45.Kf1 Qh4 46.Bf2 Qxf4 47.d6 Bxf5 48.Qe3
Bxh3+ 49.Ke2 Qxe3+ 50.Kxe3 Ne5 51.Kd4 Nc6+ 52.Kc5 Ne5 53.Kb6 Bf1 54.Be6 
Bb5 55.Bd4 Nf3 56.Bc3 Ng5 57.Bf5+ g6 58.d7 Nf7 59.Bh3 h5 60.Bf6 g5 61.Be6 
g4 62.Bxf7 Bxd7 63.Bxh5 1-0

[Event "XXIII Festival Conca della Presolana A"]
[Site "Bratto - Castione della Presolana ITA"]
[Date "2003.08.23"]
[Round "3"]
[White "Cardelli, Gabriele"]
[Black "Castaldo, Folco"]
[Result "0-1"]
[WhiteElo "1927"]
[BlackElo "2322"]
[PlyCount "168"]
[EventDate "2003.08.21"]

1.d4 Nf6 2.Nf3 c6 3.c3 d6 4.Bg5 Bf5 5.e3 Nbd7 6.Bd3 Bxd3 7.Qxd3 d5 8.Nbd2 
e6 9.e4 dxe4 10.Nxe4 Be7 11.Nxf6+ Nxf6 12.O-O O-O 13.Rad1 Qa5 14.a3 Rfd8 
15.Qc2 Rd5 16.Bh4 Rad8 17.Rfe1 b5 18.Re5 Qc7 19.Rxd5 cxd5 20.Ne5 a5 21.Qb3
Rb8 22.Nd3 Qc4 23.Qc2 b4 24.axb4 axb4 25.Rc1 bxc3 26.Qxc3 Qxc3 27.bxc3 h6 
28.Bxf6 Bxf6 29.Kf1 g5 30.Ke2 h5 31.h3 Kg7 32.Rc2 Kg6 33.Rc1 Kf5 34.Rc2 
Ra8 35.Kf3 g4+ 36.hxg4+ hxg4+ 37.Ke2 Rc8 38.Nc5 Be7 39.Nd3 f6 40.f4 Bd6 
41.Ke3 Bf8 42.g3 Bd6 43.Rc1 Rh8 44.Rc2 Rh3 45.Rg2 Rh1 46.Nf2 Rc1 47.Kd2 
Ra1 48.Kd3 e5 49.fxe5 fxe5 50.dxe5 Bxe5 51.Kd2 Ra2+ 52.Kd3 Ra3 53.Nd1 d4 
54.Rf2+ Ke6 55.Kc4 dxc3 56.Ne3 c2 57.Nxc2 Rc3+ 58.Kb4 Rxg3 59.Re2 Rd3 60.
Ne3 g3 61.Nc4 Rd5 62.Ne3 Bd6+ 63.Kc4 Rg5 64.Nf1+ Kf5 65.Nxg3+ Rxg3 66.Rf2+
Bf4 67.Re2 Be3 68.Kd5 Kf4 69.Ra2 Rg5+ 70.Ke6 Ke4 71.Ra4+ Bd4 72.Ra2 Rg6+ 
73.Kd7 Kd5 74.Re2 Rg7+ 75.Re7 Rg6 76.Re2 Bc3 77.Re3 Be5 78.Rd3+ Bd4 79.Rf3
Rg7+ 80.Ke8 Ke6 81.Kf8 Rg2 82.Ke8 Bc5 83.Kd8 Bd6 84.Re3+ Be5 0-1

[Event "XXIII Festival Conca della Presolana A"]
[Site "Bratto - Castione della Presolana ITA"]
[Date "2003.08.23"]
[Round "3"]
[White "Cavatorta, Fosco"]
[Black "Pegoraro, Nicola"]
[Result "1/2-1/2"]
[WhiteElo "2152"]
[BlackElo "2061"]
[PlyCount "114"]
[EventDate "2003.08.21"]

1.e4 c5 2.Nf3 d6 3.Bb5+ Nd7 4.c4 Nf6 5.Nc3 a6 6.Ba4 g6 7.d4 cxd4 8.Nxd4 
Bg7 9.Be3 O-O 10.Bxd7 Bxd7 11.f3 b5 12.cxb5 axb5 13.Ndxb5 Bxb5 14.Nxb5 
Qa5+ 15.Nc3 Qb4 16.Qd2 Rfb8 17.O-O Qxb2 18.Qxb2 Rxb2 19.Rab1 Rc2 20.Rfc1 
Rxc1+ 21.Rxc1 Nd7 22.Nd5 e6 23.Nb4 Nc5 24.Rc2 Ra4 25.Nd3 Bf8 26.Nxc5 dxc5 
27.Kf1 Kg7 28.Ke2 Kf6 29.Kd2 Bd6 30.h3 Ke7 31.Kc1 Kd7 32.Kb2 Rb4+ 33.Kc1 
Kc6 34.Rc3 h5 35.Kc2 Ra4 36.a3 c4 37.Bc1 Be5 38.Re3 Bf4 39.Rc3 Be5 40.Re3 
Bf4 41.Rc3 Bc7 42.f4 Bb6 43.f5 gxf5 44.exf5 e5 45.g4 hxg4 46.hxg4 Kd5 47.
g5 Bd4 48.Rg3 Ra8 49.g6 fxg6 50.fxg6 Ke6 51.a4 Rg8 52.g7 e4 53.Bb2 Rxg7 
54.Rxg7 Bxg7 55.Bxg7 Kd5 56.Kd2 Kc6 57.Bc3 Kb7 1/2-1/2

[Event "XXIII Festival Conca della Presolana A"]
[Site "Bratto - Castione della Presolana ITA"]
[Date "2003.08.23"]
[Round "3"]
[White "Danieli, Enrico"]
[Black "Volpinari, Danilo"]
[Result "1-0"]
[WhiteElo "2120"]
[BlackElo "2050"]
[PlyCount "81"]
[EventDate "2003.08.21"]

1.d4 d5 2.Nf3 c6 3.c4 e6 4.cxd5 exd5 5.Nc3 Bf5 6.Bg5 Qb6 7.Qb3 Qxb3 8.axb3
Na6 9.e4 Nb4 10.exf5 Nc2+ 11.Kd1 Nxa1 12.Nd2 Nh6 13.Bd3 Ng4 14.Ke2 Nxb3 
15.Nxb3 Bd6 16.h3 Nf6 17.Kf3 O-O 18.Nc5 b6 19.Nb3 Rfe8 20.h4 a5 21.Na4 Ne4
22.Rc1 c5 23.Bb5 Nxg5+ 24.hxg5 Re4 25.Nxb6 Rf4+ 26.Ke2 Rb8 27.dxc5 Re4+ 
28.Kf1 Bf4 29.Rc2 Rb4 30.Ba4 Rxa4 31.Nxa4 Rxb3 32.c6 Bc7 33.Nc5 Rb8 34.Ke2
Rc8 35.Na4 h5 36.gxh6 gxh6 37.Kd3 Kg7 38.Nc3 Re8 39.Nb5 Rc8 40.Nxc7 Rxc7 
41.Kd4 1-0

[Event "XXIII Festival Conca della Presolana A"]
[Site "Bratto - Castione della Presolana ITA"]
[Date "2003.08.23"]
[Round "3"]
[White "De Santis, Alessio"]
[Black "Osuna Munoz, Xavier"]
[Result "1-0"]
[WhiteElo "2289"]
[BlackElo "2097"]
[PlyCount "73"]
[EventDate "2003.08.21"]

1.d4 Nf6 2.c4 e6 3.Nc3 c5 4.d5 exd5 5.cxd5 Bd6 6.e4 Bc7 7.f3 d6 8.Bg5 a6 
9.a4 Nbd7 10.Nh3 h6 11.Be3 Ba5 12.Nf2 Qe7 13.Be2 Rb8 14.O-O O-O 15.Qc1 Ne5
16.Re1 Bd7 17.h3 Ng6 18.g3 Rfe8 19.Bf1 Kh7 20.Kg2 Qf8 21.Qc2 Re7 22.f4 Rc8
23.Kh2 Kg8 24.Bg2 Qe8 25.Bd2 c4 26.e5 dxe5 27.f5 e4 28.fxg6 e3 29.gxf7+ 
Kxf7 30.d6 Re5 31.Bxe3 Rxe3 32.Qd2 Re6 33.Ng4 Nxg4+ 34.hxg4 Kg8 35.Rxe6 
Bxe6 36.Re1 Qf7 37.Rxe6 1-0

[Event "XXIII Festival Conca della Presolana A"]
[Site "Bratto - Castione della Presolana ITA"]
[Date "2003.08.23"]
[Round "3"]
[White "Del Rio Angelis, Salvador Gabriel"]
[Black "Cazzaniga, Walter"]
[Result "1-0"]
[WhiteElo "2479"]
[BlackElo "2130"]
[PlyCount "57"]
[EventDate "2003.08.21"]

1.e4 e6 2.d4 d5 3.Nc3 Bb4 4.e5 c5 5.a3 Bxc3+ 6.bxc3 Ne7 7.h4 Nbc6 8.Nf3 
Qc7 9.h5 h6 10.Be2 Bd7 11.O-O f6 12.Bf4 O-O-O 13.exf6 Qxf4 14.fxe7 Nxe7 
15.Ne5 c4 16.Bg4 Qf6 17.Re1 Nf5 18.Qf3 Ba4 19.Re2 Rd6 20.Rb1 Bc6 21.Ng6 
Rhd8 22.Rxe6 Rxe6 23.Bxf5 Kb8 24.Bxe6 Qxe6 25.Qg3+ Ka8 26.Qc7 Rc8 27.Qxg7 
Qf5 28.Ne7 Qxc2 29.Qg6 1-0

[Event "XXIII Festival Conca della Presolana A"]
[Site "Bratto - Castione della Presolana ITA"]
[Date "2003.08.23"]
[Round "3"]
[White "Drabke, Lorenz Maximilian"]
[Black "Khenkin, Igor"]
[Result "1/2-1/2"]
[WhiteElo "2448"]
[BlackElo "2638"]
[PlyCount "126"]
[EventDate "2003.08.21"]

1.e4 c6 2.d4 d5 3.Nd2 dxe4 4.Nxe4 Bf5 5.Ng3 Bg6 6.h4 h6 7.Nh3 Nf6 8.Nf4 
Bh7 9.Bc4 e6 10.c3 Bd6 11.Nfh5 O-O 12.Qf3 Nbd7 13.Be3 b5 14.Bb3 Rc8 15.
Nxf6+ Qxf6 16.Qxf6 Nxf6 17.Ne2 c5 18.dxc5 Bxc5 19.Bxc5 Rxc5 20.Rd1 a5 21.
a3 Ng4 22.Rd4 Ne5 23.Kd2 Nc4+ 24.Kc1 e5 25.Rd7 e4 26.Bxc4 bxc4 27.Nd4 Rb8 
28.Rd1 g5 29.Rh1 h5 30.g3 Bg6 31.Re1 gxh4 32.gxh4 Rb6 33.Rg1 Rf6 34.Rg2 
Re5 35.Kd2 e3+ 36.fxe3 Rb6 37.Kd1 Rxe3 38.Nf5 Re4 39.Ne7+ Kg7 40.Nxg6 Rxg6
41.Rf2 Rf6 42.Rxf6 Kxf6 43.Rd5 Rxh4 44.Kd2 Kg6 45.Ke3 f5 46.Rxa5 Kg5 47.
Rc5 Rh3+ 48.Kf2 Kg4 49.Rxc4+ f4 50.b4 h4 51.Rc8 Rh2+ 52.Kg1 Ra2 53.c4 Ra1+
54.Kh2 Ra2+ 55.Kg1 h3 56.Rg8+ Kf3 57.Rh8 Kg3 58.Rg8+ Kf3 59.Rh8 Ke3 60.
Re8+ Kd4 61.Rf8 Ke3 62.Re8+ Kd4 63.Rf8 Ke3 1/2-1/2

[Event "XXIII Festival Conca della Presolana A"]
[Site "Bratto - Castione della Presolana ITA"]
[Date "2003.08.23"]
[Round "3"]
[White "Epishin, Vladimir V."]
[Black "Dittmar, Peter"]
[Result "1-0"]
[WhiteElo "2642"]
[BlackElo "2349"]
[PlyCount "93"]
[EventDate "2003.08.21"]

1.d4 d5 2.c4 e6 3.Nf3 Nf6 4.Nc3 c5 5.cxd5 Nxd5 6.e4 cxd4 7.Qxd4 Nxc3 8.
Qxc3 Nc6 9.Bb5 Bd7 10.O-O Qb6 11.Bxc6 Qxc6 12.Qe5 f6 13.Qh5+ g6 14.Qh4 e5 
15.Bh6 Bxh6 16.Qxh6 Qd6 17.h3 Bc6 18.Rac1 Qf8 19.Qe3 Qf7 20.a3 O-O 21.Nh2 
Qe6 22.Rfd1 Rad8 23.f3 a6 24.Ng4 h5 25.Nf2 Kg7 26.Qc5 Rxd1+ 27.Rxd1 Rf7 
28.Rd6 Qe8 29.g4 Rd7 30.Rxd7+ Qxd7 31.g5 Kf7 32.gxf6 Kxf6 33.Qf8+ Qf7 34.
Qh8+ Qg7 35.Qb8 Qd7 36.Qf8+ Qf7 37.Qb4 Kg5 38.Kg2 Kf6 39.Nd3 g5 40.Qd6+ 
Qe6 41.Qf8+ Kg6 42.Qh8 g4 43.Nxe5+ Kg5 44.Kg3 Bxe4 45.h4+ Kf5 46.Qxh5+ Kf6
47.Qg5# 1-0

[Event "XXIII Festival Conca della Presolana A"]
[Site "Bratto - Castione della Presolana ITA"]
[Date "2003.08.23"]
[Round "3"]
[White "Friedrich, Norbert"]
[Black "Lapiccirella, Daniele"]
[Result "1/2-1/2"]
[WhiteElo "2252"]
[BlackElo "2087"]
[PlyCount "44"]
[EventDate "2003.08.21"]

1.e4 c5 2.Nf3 e6 3.Nc3 Nc6 4.Bb5 Nge7 5.O-O a6 6.Bxc6 Nxc6 7.d4 cxd4 8.
Nxd4 Qc7 9.Nxc6 dxc6 10.f4 Bb4 11.Qd4 Bxc3 12.Qxc3 O-O 13.Be3 b6 14.f5 f6 
15.Qb3 c5 16.Rad1 Qc6 17.Rf4 Kh8 18.Rg4 Ra7 19.Rf1 exf5 20.exf5 Re7 21.
Rgf4 Bb7 22.R4f2 Rfe8 1/2-1/2

[Event "XXIII Festival Conca della Presolana A"]
[Site "Bratto - Castione della Presolana ITA"]
[Date "2003.08.23"]
[Round "3"]
[White "Godena, Michele"]
[Black "Bresciani, Nicola"]
[Result "1/2-1/2"]
[WhiteElo "2517"]
[BlackElo "2285"]
[PlyCount "93"]
[EventDate "2003.08.21"]

1.e4 c5 2.c3 d5 3.exd5 Qxd5 4.d4 e6 5.Nf3 Nf6 6.Na3 Qd8 7.Nc2 Nbd7 8.Bd3 
Be7 9.Qe2 Qc7 10.O-O O-O 11.Bg5 Re8 12.Rad1 b6 13.Ne5 cxd4 14.Nxd7 Bxd7 
15.Nxd4 Rad8 16.Bc2 Nd5 17.Bxe7 Nxe7 18.Nb5 Bxb5 19.Qxb5 Nd5 20.Rd4 Nf6 
21.Rfd1 Rxd4 22.Rxd4 g6 23.g3 Rd8 24.Qd3 Rxd4 25.Qxd4 e5 26.Qd3 Kg7 27.Bb3
h5 28.h4 Qe7 29.Qc4 Ng4 30.Bd1 Nf6 31.Bb3 Ng4 32.Bd1 Nf6 33.Be2 Qd6 34.Qd3
Qe7 35.a3 Qc7 36.Qc4 Qd6 37.Qd3 Qe7 38.b4 a5 39.Qb5 axb4 40.cxb4 Qc7 41.a4
e4 42.a5 bxa5 43.bxa5 e3 44.a6 Ne4 45.f4 Qc1+ 46.Kg2 Qe1 47.Qe5+ 1/2-1/2

[Event "XXIII Festival Conca della Presolana A"]
[Site "Bratto - Castione della Presolana ITA"]
[Date "2003.08.23"]
[Round "3"]
[White "Gosio, Denis"]
[Black "Mazzariol, Oscar"]
[Result "0-1"]
[WhiteElo "2160"]
[BlackElo "2049"]
[PlyCount "60"]
[EventDate "2003.08.21"]

1.e4 c5 2.Nf3 e6 3.d4 cxd4 4.Nxd4 Nf6 5.Nc3 d6 6.Be3 a6 7.Be2 Qc7 8.f4 b5 
9.a3 Bb7 10.Bd3 Nbd7 11.O-O Be7 12.Qf3 O-O 13.Rae1 Rfd8 14.Kh1 Nc5 15.Bg1 
Rac8 16.Qh3 Nxd3 17.cxd3 Bf8 18.e5 Ne8 19.f5 dxe5 20.fxe6 f6 21.Nf5 g6 22.
e7 Bxe7 23.Nxe7+ Qxe7 24.d4 e4 25.Be3 Nd6 26.Re2 a5 27.Rd1 b4 28.axb4 axb4
29.Nb1 Nf5 30.g4 Nxd4 0-1

[Event "XXIII Festival Conca della Presolana A"]
[Site "Bratto - Castione della Presolana ITA"]
[Date "2003.08.23"]
[Round "3"]
[White "Guglielmi, Giuseppe"]
[Black "Pagnoncelli, Marco"]
[Result "0-1"]
[WhiteElo "1991"]
[BlackElo "2116"]
[PlyCount "100"]
[EventDate "2003.08.21"]

1.d4 Nf6 2.Nf3 g6 3.c4 c5 4.d5 b5 5.cxb5 a6 6.bxa6 Bxa6 7.Nc3 d6 8.e4 Bxf1
9.Kxf1 Nbd7 10.g3 Bg7 11.Kg2 O-O 12.Qc2 Qa5 13.Rb1 Ng4 14.a3 Rfb8 15.Bg5 
Kf8 16.Bd2 Nge5 17.Nxe5 Nxe5 18.Qc1 Kg8 19.Ne2 Qb5 20.Nf4 Nd3 21.Nxd3 Qxd3
22.Re1 Rb3 23.Re3 Qb5 24.Rxb3 Qxb3 25.Bg5 Ra7 26.f3 Qd3 27.Be3 Qe2+ 28.Bf2
Bd4 29.Qf1 Qc2 30.Re1 Qxb2 31.Re2 Qc3 32.Bxd4 cxd4 33.e5 d3 34.Re3 Rxa3 
35.exd6 exd6 36.Kh3 Qd4 37.Qc1 Qc3 38.Re8+ Kg7 39.Qf4 d2 40.Qxd6 Kh6 41.
Qf8+ Qg7 42.Qxa3 d1=Q 43.Qe3+ g5 44.Re5 f6 45.Rf5 Qf1+ 46.Kg4 Qg6 47.Rxf6 
Qxf6 48.h4 Qc4+ 49.f4 gxf4 50.gxf4 Qg6+ 0-1

[Event "XXIII Festival Conca della Presolana A"]
[Site "Bratto - Castione della Presolana ITA"]
[Date "2003.08.23"]
[Round "3"]
[White "Guido, Flavio"]
[Black "Capitelli, Paolo"]
[Result "1-0"]
[WhiteElo "2332"]
[BlackElo "2128"]
[PlyCount "71"]
[EventDate "2003.08.21"]

1.e4 c5 2.c3 d5 3.exd5 Qxd5 4.d4 e6 5.Nf3 Nf6 6.Bd3 Be7 7.c4 Qd8 8.dxc5 
Bxc5 9.O-O O-O 10.Nc3 Nc6 11.Bg5 Be7 12.Qe2 Qa5 13.Bh4 Qh5 14.Bg3 Bd7 15.
a3 a6 16.b4 Rac8 17.Qe3 Ng4 18.Qb6 Bf6 19.Rac1 Nce5 20.Be2 Nxf3+ 21.Bxf3 
Bc6 22.Bxc6 Rxc6 23.Qxb7 Rxc4 24.Ne4 Rxc1 25.Rxc1 Be5 26.h3 Qh6 27.Rc8 
Bxg3 28.Nxg3 Nf6 29.Qxa6 Qd2 30.Qa8 Nd7 31.Rxf8+ Nxf8 32.b5 Qe1+ 33.Nf1 f5
34.b6 Kf7 35.b7 Nd7 36.Qd8 1-0

[Event "XXIII Festival Conca della Presolana A"]
[Site "Bratto - Castione della Presolana ITA"]
[Date "2003.08.23"]
[Round "3"]
[White "Lalic, Bogdan"]
[Black "Castelfranchi, Carlo"]
[Result "1-0"]
[WhiteElo "2503"]
[BlackElo "2165"]
[PlyCount "69"]
[EventDate "2003.08.21"]

1.e4 Nf6 2.e5 Nd5 3.d4 d6 4.Nf3 Bg4 5.Be2 e6 6.h3 Bh5 7.c4 Nb6 8.exd6 cxd6
9.Nc3 d5 10.cxd5 Bxf3 11.Bxf3 exd5 12.Qe2+ Be7 13.Qb5+ Nc6 14.Nxd5 O-O 15.
Be3 Nxd5 16.Qxd5 Bb4+ 17.Kf1 Qf6 18.Rd1 Rfe8 19.Qg5 Qxg5 20.Bxg5 Nxd4 21.
Bxb7 Rab8 22.Ba6 Rb6 23.Bc4 Rc6 24.b3 Rg6 25.Bf4 Rf6 26.g3 Nf5 27.h4 Nd6 
28.Bd3 Rfe6 29.Kg2 a5 30.Rc1 Ne4 31.Rc7 Nc3 32.a3 Nd5 33.axb4 Nxc7 34.Bxc7
axb4 35.Bc4 1-0

[Event "XXIII Festival Conca della Presolana A"]
[Site "Bratto - Castione della Presolana ITA"]
[Date "2003.08.23"]
[Round "3"]
[White "Lanzani, Mario"]
[Black "Rago, Riccardo"]
[Result "1-0"]
[WhiteElo "2355"]
[BlackElo "2163"]
[PlyCount "41"]
[EventDate "2003.08.21"]

1.e4 c5 2.Nf3 Nc6 3.Bb5 g6 4.O-O Bg7 5.c3 e5 6.d4 cxd4 7.cxd4 exd4 8.Bf4 
Nge7 9.Bd6 Qb6 10.Na3 a6 11.Bd3 Na5 12.e5 Qa7 13.b4 Nac6 14.b5 Nd8 15.Qb3 
b6 16.bxa6 Bxa6 17.Nxd4 Bxd3 18.Qxd3 Rc8 19.Ndb5 Qb7 20.Bxe7 Kxe7 21.Nd6 
1-0

[Event "XXIII Festival Conca della Presolana A"]
[Site "Bratto - Castione della Presolana ITA"]
[Date "2003.08.23"]
[Round "3"]
[White "Lovati, Paolo"]
[Black "Muscolino, Attilio"]
[Result "1-0"]
[WhiteElo "2089"]
[BlackElo "2155"]
[PlyCount "79"]
[EventDate "2003.08.21"]

1.c4 Nf6 2.g3 g6 3.Bg2 Bg7 4.Nc3 O-O 5.d3 d6 6.Nf3 e5 7.O-O Nc6 8.Bg5 h6 
9.Bxf6 Bxf6 10.Rb1 Be6 11.b4 Qd7 12.Qd2 Bg7 13.Nd5 Ne7 14.Nxe7+ Qxe7 15.b5
d5 16.cxd5 Bxd5 17.Ne1 Rfd8 18.Qc2 Rac8 19.Bxd5 Rxd5 20.Ng2 Qd7 21.Qb3 b6 
22.Ne3 Rc5 23.Rfc1 Rxc1+ 24.Rxc1 c6 25.a4 c5 26.Qd5 Qe7 27.Nc4 h5 28.Rc2 
h4 29.Kg2 Qf6 30.h3 hxg3 31.fxg3 Rd8 32.Qf3 Qe6 33.a5 bxa5 34.Nxa5 Qb6 35.
Nc6 Re8 36.Ra2 Qxb5 37.Rxa7 Qb3 38.Ne7+ Kh8 39.Qc6 Rf8 40.Ra4 1-0

[Event "XXIII Festival Conca della Presolana A"]
[Site "Bratto - Castione della Presolana ITA"]
[Date "2003.08.23"]
[Round "3"]
[White "Luchsinger, Eric"]
[Black "Garrapa, Gianluigi"]
[Result "1-0"]
[WhiteElo "2094"]
[BlackElo "1909"]
[PlyCount "77"]
[EventDate "2003.08.21"]

1.c4 c6 2.e4 e5 3.Nf3 d6 4.d4 Nd7 5.Nc3 Be7 6.Be2 Ngf6 7.h3 O-O 8.Be3 b6 
9.O-O Bb7 10.d5 cxd5 11.cxd5 Nc5 12.Nd2 Rc8 13.Rc1 Ne8 14.b4 Nd7 15.Qb3 
Bg5 16.Nb5 Bxe3 17.Qxe3 a6 18.Na7 Rc7 19.Nc6 Bxc6 20.dxc6 Nb8 21.Qxb6 Qc8 
22.b5 axb5 23.Bxb5 Nf6 24.Rc2 Nh5 25.Rfc1 Nf4 26.a4 f5 27.Qe3 Rf6 28.exf5 
Qxf5 29.Ne4 Rg6 30.Ng3 Qg5 31.Qb6 Qd8 32.Bf1 d5 33.Rb1 Nxc6 34.Rbc1 Qc8 
35.Bb5 Rb7 36.Qa6 Qb8 37.Rxc6 Rxb5 38.Rc8+ Kf7 39.R1c7+ 1-0

[Event "XXIII Festival Conca della Presolana A"]
[Site "Bratto - Castione della Presolana ITA"]
[Date "2003.08.23"]
[Round "3"]
[White "Maccagno, Giancarlo"]
[Black "Affinito, Pancrazio"]
[Result "1/2-1/2"]
[WhiteElo "2133"]
[BlackElo "2080"]
[PlyCount "64"]
[EventDate "2003.08.21"]

1.e4 c5 2.c3 e5 3.Nf3 Nc6 4.Be2 Nf6 5.d3 d5 6.Nbd2 Be7 7.O-O O-O 8.Re1 h6 
9.Bf1 d4 10.Qc2 Be6 11.Nc4 Qb8 12.a4 b6 13.Na3 Nh7 14.Bd2 Ng5 15.Nxg5 Bxg5
16.Bxg5 hxg5 17.Qd2 f6 18.c4 Bd7 19.Nc2 Qd6 20.Be2 g6 21.Reb1 a5 22.Rf1 
Kg7 23.Ne1 Rh8 24.f3 Rh6 25.Rf2 Rah8 26.g3 Nd8 27.b3 Ne6 28.Nc2 Qe7 29.Re1
Qd6 30.Bd1 Bc6 31.Qe2 Bd7 32.Na3 Bc6 1/2-1/2

[Event "XXIII Festival Conca della Presolana A"]
[Site "Bratto - Castione della Presolana ITA"]
[Date "2003.08.23"]
[Round "3"]
[White "Maksimenko, Andrei"]
[Black "Passoni, Carlo"]
[Result "1-0"]
[WhiteElo "2512"]
[BlackElo "2246"]
[PlyCount "125"]
[EventDate "2003.08.21"]

1.c4 Nf6 2.Nc3 g6 3.d4 Bg7 4.e4 d6 5.Be2 O-O 6.Bg5 c5 7.d5 e6 8.Nf3 exd5 
9.exd5 h6 10.Bf4 Bg4 11.O-O Nh5 12.Bd2 Nd7 13.h3 Bxf3 14.Bxf3 Nhf6 15.Qc2 
a6 16.a4 Re8 17.g3 Ne5 18.Be2 Nh7 19.Kg2 Nf6 20.Rae1 Qc7 21.Qc1 Qb6 22.Qc2
Qc7 23.f4 Ned7 24.Bd3 Rxe1 25.Rxe1 Re8 26.Qd1 Qd8 27.b3 Kf8 28.Bc2 Rxe1 
29.Qxe1 Qe7 30.Qxe7+ Kxe7 31.a5 b6 32.axb6 Nxb6 33.Nd1 Nfd7 34.Kf3 Bd4 35.
h4 h5 36.f5 Ne5+ 37.Kf4 Nbd7 38.Nc3 Nf6 39.Ne2 Bb2 40.Ba5 Nfg4 41.Bb1 Nf2 
42.Bc2 Nfg4 43.Bd2 Nh2 44.Be4 Nf1 45.Ba5 Nh2 46.Ke3 Nhg4+ 47.Kd2 Nf6 48.
Bb1 gxf5 49.Bxf5 Nf3+ 50.Ke3 Nd4 51.Nxd4 Bxd4+ 52.Kf3 Nd7 53.Bxd7 Kxd7 54.
g4 hxg4+ 55.Kxg4 Ke7 56.Kf5 Kf8 57.Bd2 Be5 58.Bf4 f6 59.Bh6+ Kf7 60.h5 Kg8
61.Kg6 Bd4 62.Bd2 Kf8 63.Be1 1-0

[Event "XXIII Festival Conca della Presolana A"]
[Site "Bratto - Castione della Presolana ITA"]
[Date "2003.08.23"]
[Round "3"]
[White "Manzoni, Alessandro"]
[Black "Del Dotto, Riccardo"]
[Result "1-0"]
[WhiteElo "2034"]
[BlackElo "2151"]
[PlyCount "71"]
[EventDate "2003.08.21"]

1.e4 e5 2.Nc3 Bc5 3.g3 Nf6 4.Bg2 Nc6 5.Nge2 a6 6.O-O d6 7.h3 Be6 8.d3 Qd7 
9.Kh2 h5 10.f4 Bg4 11.fxe5 dxe5 12.Bg5 Nh7 13.Qd2 Be6 14.Nd5 f6 15.Be3 
Bxe3 16.Qxe3 O-O-O 17.b4 h4 18.g4 Qd6 19.c3 Ng5 20.a4 Kd7 21.b5 Nb8 22.c4 
Ke8 23.c5 Qd7 24.d4 Nf7 25.Rad1 Bxd5 26.exd5 axb5 27.axb5 Qxb5 28.Rb1 Qa6 
29.Ra1 Qc4 30.Rfc1 Qb5 31.Rcb1 Qd7 32.Rxb7 Rc8 33.Ra8 Qd8 34.Nf4 Kd7 35.
c6+ Ke7 36.Ng6+ 1-0

[Event "XXIII Festival Conca della Presolana A"]
[Site "Bratto - Castione della Presolana ITA"]
[Date "2003.08.23"]
[Round "3"]
[White "Marzano, Carlo"]
[Black "Guidi, Maurizio"]
[Result "1-0"]
[WhiteElo "2225"]
[BlackElo "1936"]
[PlyCount "115"]
[EventDate "2003.08.21"]

1.Nc3 Nf6 2.g4 d6 3.g5 Nfd7 4.Bg2 e5 5.d4 Be7 6.Nf3 Nc6 7.h4 Nb6 8.d5 Nb8 
9.Qd3 c6 10.e4 Na6 11.Be3 Bd7 12.dxc6 Bxc6 13.O-O-O Qc7 14.Nb5 Bxb5 15.
Qxb5+ Qc6 16.Qxc6+ bxc6 17.Nd2 O-O-O 18.f4 f6 19.Bf1 Nc7 20.c4 d5 21.cxd5 
cxd5 22.fxe5 fxe5 23.Bh3+ Kb8 24.exd5 Ncxd5 25.Bg1 Nf4 26.Bg4 Rhe8 27.a3 
h6 28.Ne4 Rxd1+ 29.Kxd1 Nbd5 30.Kc2 Rh8 31.Bf3 hxg5 32.Nxg5 a6 33.Nf7 Rxh4
34.Nxe5 Rxh1 35.Bxh1 g5 36.Nc6+ Kc7 37.Nxe7 Nxe7 38.Bf3 Ned5 39.Bd4 Kd6 
40.b4 Ne6 41.Ba7 Ke5 42.Kd3 Ndc7 43.Kc4 Nb5 44.Bb8+ Nd6+ 45.Kc3 Nf4 46.a4 
Nd5+ 47.Kb3 Nf4 48.a5 Ke6 49.Kc3 Nd5+ 50.Kd4 Nb5+ 51.Kc5 Nbc7 52.Bg4+ Ke7 
53.Bf3 Ke6 54.b5 axb5 55.Bxd5+ Nxd5 56.a6 Kd7 57.a7 Nb6 58.Kxb6 1-0

[Event "XXIII Festival Conca della Presolana A"]
[Site "Bratto - Castione della Presolana ITA"]
[Date "2003.08.23"]
[Round "3"]
[White "Nardelli, Marco"]
[Black "Scacco, Mauro"]
[Result "0-1"]
[WhiteElo "1902"]
[BlackElo "2090"]
[PlyCount "52"]
[EventDate "2003.08.21"]

1.d4 Nf6 2.c4 d6 3.Nc3 e5 4.d5 a5 5.e4 Na6 6.f3 Be7 7.Be3 Nd7 8.Qd2 h6 9.
Nh3 Ndc5 10.g3 f5 11.Nf2 Bg5 12.f4 exf4 13.gxf4 Bf6 14.O-O-O O-O 15.Rg1 
Qe7 16.e5 dxe5 17.fxe5 Bxe5 18.Bxh6 Nb4 19.Nd3 Nxa2+ 20.Kc2 Nxd3 21.Bxd3 
Nxc3 22.bxc3 Bd7 23.Rde1 Rf7 24.Qf2 Qa3 25.Qf3 Qxc3+ 26.Kd1 Bd4 0-1

[Event "XXIII Festival Conca della Presolana A"]
[Site "Bratto - Castione della Presolana ITA"]
[Date "2003.08.23"]
[Round "3"]
[White "Orsi, Massimiliano"]
[Black "Marta, Daniele"]
[Result "0-1"]
[WhiteElo "2046"]
[BlackElo "2118"]
[PlyCount "74"]
[EventDate "2003.08.21"]

1.e4 e6 2.d4 d5 3.e5 c5 4.c3 Ne7 5.Nf3 Nec6 6.Be2 b6 7.O-O Ba6 8.Bxa6 Nxa6
9.Qa4 Qc8 10.a3 Qb7 11.b4 b5 12.Qd1 cxd4 13.a4 Nc7 14.Nxd4 Nxe5 15.Re1 Nc6
16.Bf4 Be7 17.Bxc7 Qxc7 18.axb5 Nxd4 19.Qxd4 O-O 20.Ra6 Qb7 21.Qd3 Rfc8 
22.Nd2 Bf6 23.Re3 Rxc3 24.Qxc3 Bxc3 25.Rxc3 Qxb5 26.Rxa7 Rf8 27.Rb3 h5 28.
g3 Rc8 29.Kg2 Rc2 30.Nf3 Qe2 31.Ra8+ Kh7 32.Ng5+ Kg6 33.Nh3 Qe4+ 34.Rf3 d4
35.Rh8 e5 36.Rg8 f6 37.Re8 Rc3 0-1

[Event "XXIII Festival Conca della Presolana A"]
[Site "Bratto - Castione della Presolana ITA"]
[Date "2003.08.23"]
[Round "3"]
[White "Paoli, Enrico"]
[Black "Battaggia, Piergiorgio"]
[Result "1/2-1/2"]
[WhiteElo "1950"]
[BlackElo "2110"]
[PlyCount "103"]
[EventDate "2003.08.21"]

1.e4 c5 2.Nf3 d6 3.Bc4 e6 4.O-O Nc6 5.c3 Nf6 6.Re1 Be7 7.d3 O-O 8.Nbd2 Qc7
9.Nf1 Rb8 10.a4 a6 11.Bf4 b5 12.axb5 axb5 13.Ba2 Ne5 14.Nxe5 dxe5 15.Bg3 
Bb7 16.Ne3 Rbd8 17.Qe2 Rd7 18.Rad1 Rfd8 19.h3 Bd6 20.c4 b4 21.Bb3 Bc6 22.
Nf1 g6 23.Ne3 Nh5 24.Ng4 Nxg3 25.fxg3 Be7 26.Qe3 h5 27.Nh6+ Kg7 28.Nxf7 
Kxf7 29.Qh6 Rf8 30.Rf1+ Ke8 31.Qxg6+ Kd8 32.Rxf8+ Bxf8 33.Qf6+ Ke8 34.Rf1 
Bg7 35.Qxe6+ Re7 36.Qg8+ Kd7 37.Bd1 Qd8 38.Qh7 Kc7 39.Be2 Qd4+ 40.Kh2 Be8 
41.Ra1 Kb7 42.Bxh5 Bxh5 43.Qxh5 Qd6 44.Qd1 Qc6 45.Ra5 Kb8 46.Qg1 Rc7 47.
Rb5+ Kc8 48.Qd1 Qd7 49.Qa4 Qc6 50.Qd1 Qd7 51.Qa4 Qc6 52.Qd1 1/2-1/2

[Event "XXIII Festival Conca della Presolana A"]
[Site "Bratto - Castione della Presolana ITA"]
[Date "2003.08.23"]
[Round "3"]
[White "Pedemonte, Claudio"]
[Black "Leoni, Fabrizio"]
[Result "1-0"]
[WhiteElo "1974"]
[BlackElo "2102"]
[PlyCount "61"]
[EventDate "2003.08.21"]

1.c4 e5 2.g3 Nf6 3.Bg2 Nc6 4.Nc3 Bb4 5.Nf3 O-O 6.O-O Re8 7.d4 exd4 8.Nd5 
Bc5 9.Bg5 d6 10.Qd2 Ne4 11.Bxd8 Nxd2 12.Nxd2 Rxd8 13.Nxc7 Rb8 14.a3 a6 15.
b4 Ba7 16.Nxa6 Ra8 17.Nc7 Rb8 18.Rab1 Ne5 19.h3 Bf5 20.Rbc1 Rdc8 21.Nb5 
Bb6 22.Nxd6 d3 23.Nxc8 Rxc8 24.exd3 Nxd3 25.Rc3 Bd4 26.Rb3 b6 27.Ne4 Bxe4 
28.Bxe4 Nxf2 29.Rxf2 Rxc4 30.Rd3 g6 31.Bd5 1-0